ბათუმის შოთა რუსთაველის სახელმწიფო უნივერსიტეტის ბიბლიოთეკა

მემცენარეობისა და მეცხოველეობის პროდუქციის წარმოების ტექნოლოგიური პროცესების ეკონომიკური შეფასება საქართველოს პირობებში. (ბიბ.ჩანაწერი № 44625)

000 -LEADER
fixed length control field 01377nam a2200241Ia 4500
001 - CONTROL NUMBER
control field 11428
003 - CONTROL NUMBER IDENTIFIER
control field GE_BSU
008 - FIXED-LENGTH DATA ELEMENTS--GENERAL INFORMATION
fixed length control field 181216s||||||||xx |||||||||||||| ||und||
040 ## - CATALOGING SOURCE
Transcribing agency GE_BSU
080 ## - UNIVERSAL DECIMAL CLASSIFICATION NUMBER
Universal Decimal Classification number 338.43:633/635+338.43:636(479.22)
100 ## - MAIN ENTRY--PERSONAL NAME
Personal name გავაშელიშვილი,გიორგი.
245 ## - TITLE STATEMENT
Title მემცენარეობისა და მეცხოველეობის პროდუქციის წარმოების ტექნოლოგიური პროცესების ეკონომიკური შეფასება საქართველოს პირობებში.
245 ## - TITLE STATEMENT
Statement of responsibility, etc. რედ:ო.ქარჩავა.
250 ## - EDITION STATEMENT
Edition statement გამოც.მე-2;2007 წელი.
260 ## - PUBLICATION, DISTRIBUTION, ETC.
Place of publication, distribution, etc. თბილისი.
260 ## - PUBLICATION, DISTRIBUTION, ETC.
Name of publisher, distributor, etc. სიესტა.
260 ## - PUBLICATION, DISTRIBUTION, ETC.
Date of publication, distribution, etc. 2008.
300 ## - PHYSICAL DESCRIPTION
Extent 59გვ;29სმ.
300 ## - PHYSICAL DESCRIPTION
Accompanying material ცხრ;დანართები:გვ.46.
653 ## - INDEX TERM--UNCONTROLLED
Uncontrolled term ეკონომიკა
653 ## - INDEX TERM--UNCONTROLLED
Uncontrolled term მემცენარეობისა და მეცხოველეობის პროდუქციის წარმოების ტექნოლოგიური პროცესების ეკონომიკური შეფასება საქართველოს პირობებში.
942 ## - ADDED ENTRY ELEMENTS (KOHA)
Koha item type წიგნი
ეგზემპლარები
Withdrawn status Lost status Damaged status Not for loan Date acquired Barcode Date last seen Price effective from Koha item type
        2018-12-17 20293 2018-12-17 2018-12-17 წიგნი
        2018-12-17 20294 2018-12-17 2018-12-17 წიგნი